[Event "Kouty nad Desnou op-A"]
[Site "Kouty nad Desnou"]
[Date "2011.03.12"]
[Round "1"]
[White "Seidl, Antonin"]
[Black "Macek, Oldrich"]
[Result "1-0"]
[WhiteElo "1984"]
[BlackElo "1594"]
[PlyCount "67"]
[EventDate "2011.03.12"]
[EventType "swiss"]
[EventRounds "9"]
[EventCountry "CZE"]
[SourceTitle "EXT 2014"]
[Source "ChessBase"]
[SourceDate "2013.11.20"]
[SourceVersion "1"]
[SourceVersionDate "2013.11.20"]
[SourceQuality "1"]

1. e4 c5 2. Nc3 d6 3. f4 g6 4. Nf3 Bg7 5. Bc4 e6 6. d3 Ne7 7. 0-0 0-0 8. f5 d5 9. Bb3 d4 10. fxg6 dxc3 11. gxh7+ Kh8 12. bxc3 Nbc6 13. Bd2 Na5 14. e5 Nxb3 15. axb3 Ng6 16. Qe1 Qc7 17. d4 cxd4 18. cxd4 Qxc2 19. h4 Ne7 20. Bb4 Re8 21. Ng5 Nf5 22. Nxf7+ Kxh7 23. Rf2 Qxb3 24. Ra3 Qd5 25. g4 Nxd4 26. Qb1+ Kg8 27. Qg6 Bd7 28. Ng5 Ne2+ 29. Kf1 Qd1+ 30. Be1 Ng3+ 31. Rxg3 Bb5+ 32. Kg2 Bd3 33. Rxd3 Qxg4+ 34. Rg3 1-0

[Event "Kouty nad Desnou op-A"]
[Site "Kouty nad Desnou"]
[Date "2010.03.06"]
[Round "1"]
[White "Macek, Oldrich"]
[Black "Hrabal, Michal"]
[Result "0-1"]
[WhiteElo "1601"]
[BlackElo "1989"]
[PlyCount "58"]
[EventDate "2010.03.06"]
[EventType "swiss"]
[EventRounds "9"]
[EventCountry "CZE"]
[SourceTitle "CBM 135 Extra"]
[Source "ChessBase"]
[SourceDate "2010.05.04"]
[SourceVersion "1"]
[SourceVersionDate "2010.05.04"]
[SourceQuality "1"]

1. d4 d6 2. c4 e5 3. e4 Nc6 4. d5 Nce7 5. Bg5 g6 6. Nf3 Bg7 7. Bd3 h6 8. Bh4 Nf6 9. Nc3 Nh5 10. Qc2 0-0 11. Nd2 c6 12. f3 Nf4 13. Rg1 Qb6 14. 0-0-0 g5 15. Bg3 Nxd3+ 16. Qxd3 cxd5 17. cxd5 Bd7 18. Kb1 Rfc8 19. Rc1 f5 20. Rgf1 Qa5 21. Nb3 Qb4 22. Be1 a5 23. Na1 Qd4 24. Qe2 Qc4 25. Bd2 Qxe2 26. Nxe2 Bb5 27. Rxc8+ Rxc8 28. Re1 Bd3+ 29. Nc2 Rxc2 0-1